[Event "Summer"]
[Site "Borovo CRO"]
[Date "2005.08.09"]
[Round "6"]
[White "Szuhanek,R"]
[Black "Majeric,Z"]
[Result "1/2-1/2"]
[WhiteElo "2444"]
[BlackElo "2359"]

1.Nf3 Nf6 2.c4 c5 3.Nc3 e6 4.g3 b6 5.Bg2 Bb7 6.O-O Be7 7.Re1 d5 8.cxd5 Nxd5
9.e4 Nb4 10.d4 cxd4 11.Nxd4 O-O 12.Be3 N8c6  1/2-1/2

[Event "92nd ch-GBR"]
[Site "Douglas IOM"]
[Date "2005.08.10"]
[Round "9"]
[White "Rayner,F"]
[Black "Cumbers,P"]
[Result "1-0"]
[WhiteElo "2216"]
[BlackElo "2118"]

1.Nf3 Nf6 2.c4 c5 3.Nc3 b6 4.e4 Nc6 5.d4 cxd4 6.Nxd4 Bb7 7.Be2 e6 8.Nc2 Qb8
9.O-O Be7 10.Be3 O-O 11.f4 Rd8 12.Bf3 Nb4 13.Nd4 d6 14.a3 Na6 15.Qe2 Bf8
16.e5 Ne8 17.Nc6 Bxc6 18.Bxc6 Qc8 19.Bxa8 Qxa8 20.Rad1 Nac7 21.Qf3 Qb8 22.Kh1 g6
23.Rd2 Rd7 24.Rfd1 Qd8 25.h3 Qe7 26.Qc6 Na6 27.Ne4 Rc7 28.Qb5 d5 29.cxd5 exd5
30.Rxd5 Nb8 31.Qxe8  1-0

[Event "ch-IRI Semi-Final"]
[Site "Tehran IRI"]
[Date "2005.08.10"]
[Round "8"]
[White "Doostkam,P"]
[Black "Khaghani,M"]
[Result "1-0"]
[WhiteElo "2250"]
[BlackElo "2311"]

1.c4 c5 2.Nf3 Nf6 3.Nc3 e6 4.g3 b6 5.Bg2 Bb7 6.O-O Be7 7.d4 cxd4 8.Qxd4 d6
9.Bg5 a6 10.Bxf6 Bxf6 11.Qf4 O-O 12.Rfd1 Be7 13.Ne4 e5 14.Qe3 Qc7 15.Rac1 Nd7
16.Nxd6 Bxd6 17.Qd2 Bc5 18.Qxd7 Qb8 19.Ng5 Bxg2 20.Kxg2 h6 21.Ne4 Ra7 22.Qd5 Bd4
23.Nc3 Qc8 24.e3 Rd7 25.Qe4 f5 26.Qd3 e4 27.Qd2 f4 28.exd4 f3+ 29.Kh1 Rf5
30.g4 Rg5 31.Rg1 Re7 32.Qf4 e3 33.Nd5  1-0

[Event "92nd ch-GBR"]
[Site "Douglas IOM"]
[Date "2005.08.11"]
[Round "10"]
[White "Knott,S"]
[Black "Rayner,F"]
[Result "1-0"]
[WhiteElo "2382"]
[BlackElo "2216"]

1.Nf3 c5 2.c4 Nf6 3.Nc3 d5 4.cxd5 Nxd5 5.d4 cxd4 6.Qxd4 Nxc3 7.Qxc3 Nc6 8.e4 e6
9.a3 Qa5 10.b4 Nxb4 11.Bd2 b6 12.axb4 Bxb4 13.Qc6+ Bd7 14.Qxa8+ Ke7 15.Rxa5  1-0

[Event "LAT-LIT Match"]
[Site "Liepaja LAT"]
[Date "2005.08.14"]
[Round "1"]
[White "Taucius,M"]
[Black "Tronenkovs,V"]
[Result "1/2-1/2"]
[WhiteElo "2259"]
[BlackElo "2263"]

1.Nf3 Nf6 2.c4 c5 3.Nc3 e6 4.g3 b6 5.Bg2 Bb7 6.O-O Be7 7.d4 cxd4 8.Qxd4 d6
9.Bg5 a6 10.Bxf6 Bxf6 11.Qf4 O-O 12.Rfd1 Be7 13.Ne4 Bxe4 14.Qxe4 Ra7 15.Nd4 Rc7
16.b3 Rc5 17.a4 Qc7 18.Qb1 Rc8 19.Ra2 Nd7 20.Rc2 b5 21.Rdc1 Bf6 22.e3 bxc4
23.b4 Rb8 24.Nb5 axb5 25.bxc5 d5 26.axb5 Qxc5 27.Qa2 Qxb5 28.Bf1 Nc5 29.Bxc4 dxc4
30.Rxc4 Nd7 31.Rc8+ Rxc8 32.Rxc8+ Nf8 33.Qa8 Be7 34.h4 g6 35.Qa7 Bd6 36.Qa8 Qb1+
37.Kg2 Kg7 38.Qc6 Qb4 39.Ra8 Qc5 40.Qb7 Qc7 41.Qa6 h6 42.Ra7 Qc5 43.Qb7 Qf5
44.Qc6 Qe5 45.Qb7 Qf6 46.Qc6  1/2-1/2

[Event "15th ch-SLO w"]
[Site "Ptuj SLO"]
[Date "2005.08.14"]
[Round "4"]
[White "Srebrnic,A"]
[Black "Novak,Ks"]
[Result "1/2-1/2"]
[WhiteElo "2289"]
[BlackElo "2164"]

1.Nf3 Nf6 2.c4 g6 3.Nc3 c5 4.e4 Bg7 5.d4 cxd4 6.Nxd4 Nc6 7.Nc2 O-O 8.Be2 b6
9.O-O Bb7 10.f4 e5 11.f5 Nd4 12.fxg6 fxg6 13.Bd3 Qe7 14.Be3 Nh5 15.g3 Rxf1+
16.Bxf1 Ne6 17.Bg2 Nf6 18.b4 Rc8 19.Nd5 Qf7 20.Nxf6+ Bxf6 21.Qd3 Ba6 22.Na3 Bg5
23.Bxg5 Nxg5 24.b5 Bb7 25.Rd1 d6 26.Qxd6 Nxe4 27.Rf1 Qc7 28.Qe6+ Kg7 29.Qf6+ Kg8
30.Qe6+ Kg7  1/2-1/2

[Event "Masters"]
[Site "Abu Dhabi UAE"]
[Date "2005.08.17"]
[Round "4"]
[White "Ghaem Maghami,E"]
[Black "Ibrahimov,R"]
[Result "1/2-1/2"]
[WhiteElo "2603"]
[BlackElo "2525"]

1.c4 c5 2.Nf3 Nf6 3.Nc3 e6 4.e4 Nc6 5.Be2 d5 6.exd5 exd5 7.d4 Be6 8.Be3 dxc4
9.O-O cxd4 10.Nxd4 Nxd4  1/2-1/2

[Event "15th ch-SLO"]
[Site "Ptuj SLO"]
[Date "2005.08.19"]
[Round "9"]
[White "Srebrnic,V"]
[Black "Penko,I"]
[Result "1/2-1/2"]
[WhiteElo "2251"]
[BlackElo "2235"]

1.Nf3 Nf6 2.c4 g6 3.Nc3 c5 4.g3 Bg7 5.Bg2 O-O 6.O-O Nc6 7.d4 d6 8.dxc5 dxc5
9.Be3 Be6 10.Qa4 Qa5 11.Qxa5 Nxa5 12.Bxc5 Bxc4 13.Ne5 Rfc8 14.Bb4 Ba6 15.Bxa5 Rc5
16.Nc6 bxc6 17.Bb4 Rc4 18.Bxe7 Re8 19.Ba3 Ng4 20.Rfc1 Nxf2 21.Kxf2 Bd4+ 22.Kf1 Rxc3
23.bxc3 Bxe2+ 24.Ke1 Bf3+ 25.Kd2 Be3+ 26.Kd3 Bxc1 27.Bxf3 Bxa3 28.Bxc6 Rc8
29.Bd5 Bb2 30.Rb1 Rxc3+ 31.Kd2 Rc5 32.Bxf7+ Kxf7 33.Rxb2 Rc7  1/2-1/2

[Event "2nd Dato' Arthur Tan Malaysian Open"]
[Site "Kuala Lumpur MAS"]
[Date "2005.08.21"]
[Round "3"]
[White "Sales,J"]
[Black "Aplin,C"]
[Result "1-0"]
[WhiteElo "2340"]
[BlackElo "1947"]

1.Nf3 Nf6 2.c4 c5 3.Nc3 d5 4.d4 cxd4 5.Nxd5 Nxd5 6.cxd5 Qxd5 7.Qxd4 Qxd4
8.Nxd4 Bd7 9.g3 e5 10.Nf3 Nc6 11.Bg2 Bb4+ 12.Bd2 Ke7 13.Bxb4+ Nxb4 14.O-O f6
15.a3 Nc6 16.e3 Rhd8 17.Rac1 Rac8 18.Nd2 Be6 19.Ne4 Bd5 20.Rfd1 f5 21.Nc5 Bxg2
22.Kxg2 Rxd1 23.Rxd1 b6 24.Nb3 Nd8 25.Rd2 Rc4 26.f4 Nf7 27.h3 g6 28.Kf3 a5
29.h4 a4 30.Na1 Rc1 31.Nc2 Nd6 32.Nb4 Ne4 33.Rg2 exf4 34.exf4 Ke6 35.Nd3 Rd1
36.Ke3 h5 37.Rc2 Rg1 38.Rc6+ Ke7 39.Rxb6 Rxg3+ 40.Kd4 Rh3 41.Ne5 Nf6 42.Nxg6+ Kf7
43.Ne5+ Kg7 44.Rb7+ Kh6 45.Nf7+ Kg6 46.Nh8+ Kh6 47.Ke5 Ne8 48.Kxf5 Nd6+ 49.Kf6 Rxh4
50.Rb4 Rg4 51.Rd4 Ne8+ 52.Ke7 Ng7 53.Nf7+ Kh7 54.Ng5+ Kg6 55.Rd6+ Kf5 56.Rf6+  1-0

[Event "2nd Open Fincas Mediterranea"]
[Site "Castelldefels ESP"]
[Date "2005.08.24"]
[Round "8"]
[White "Maleki,M"]
[Black "Martin Canfran,R"]
[Result "1-0"]
[WhiteElo "2119"]
[BlackElo "2202"]

1.Nf3 Nf6 2.c4 c5 3.Nc3 g6 4.d4 cxd4 5.Nxd4 Bg7 6.e4 d6 7.Be2 O-O 8.O-O Nc6
9.Be3 Bd7 10.Rc1 a6 11.b3 b5 12.f3 Nxd4 13.Bxd4 bxc4 14.Bxc4 Bb5 15.Nxb5 axb5
16.Bxb5 Rxa2 17.b4 Bh6 18.Rc2 Rxc2 19.Qxc2 e5 20.Bf2 Qb8 21.Qc4 Rc8 22.Bc6 Ne8
23.b5 Nc7 24.Ra1 Ne6 25.Ra7 Nd8 26.Rd7 Bd2 27.Ba7 Rxc6 28.Qxc6 Be3+ 29.Kh1 Bxa7
30.Qxd6 Qxd6 31.Rxd6 Ne6 32.b6 Bb8 33.Rc6 Kg7 34.Rc8 Bd6 35.Rc6 Bb8 36.Rc8 Bd6
37.b7 Kf6 38.b8=Q Bxb8 39.Rxb8 h5 40.h4 Kg7 41.Kg1 Kf6 42.Kf2 Kg7 43.Ke3 Kf6
44.Rb6 Ke7 45.Rb7+ Kf6 46.Rd7 g5 47.hxg5+ Nxg5 48.Rd6+ Ne6 49.g3 Ke7 50.Rd1 Kf6
51.Rd7 Kg6 52.Rd5 Kf6 53.f4 exf4+ 54.gxf4 Ng7 55.Kf3 Kg6 56.Kg3 Kh6 57.Kh4 Kg6
58.Rg5+ Kh6 59.e5 Ne6 60.Rxh5+ Kg7 61.Kg4 Nd4 62.Rh1 Kf8 63.Rd1 Nc2 64.Rd7 Ke8
65.Ra7 Nd4 66.Kg5 Nb5 67.Rb7 Nc3 68.Kf5 Nd5 69.Ra7 Ne3+ 70.Ke4 Nc4 71.Kd5 Ne3+
72.Kd6 Nf5+ 73.Kd5 Ne3+ 74.Ke4 Nc4 75.Rc7 Nb2 76.Kd5 Nd3 77.Kd6 Kf8 78.Rc8+  1-0

[Event "13th Open"]
[Site "Nikaia GRE"]
[Date "2005.08.25"]
[Round "4"]
[White "Simeonidis,I"]
[Black "Aroshidze,L"]
[Result "0-1"]
[WhiteElo "2246"]
[BlackElo "2463"]

1.Nf3 c5 2.c4 Nf6 3.Nc3 e6 4.g3 b6 5.Bg2 Bb7 6.O-O d6 7.Re1 Nbd7 8.e4 Rc8
9.d4 cxd4 10.Nxd4 Rxc4 11.Ndb5 Qb8 12.b3 Rc8 13.Ba3 Nc5 14.b4 Ncd7 15.Nd5 a6
16.Nd4 b5 17.Bb2 e5 18.Nf5 g6 19.Nfe3 Bxd5 20.Nxd5 Nxd5 21.Qxd5 Nb6 22.Qd3 Bg7
23.Red1 O-O 24.Bc1 d5 25.exd5 e4 26.Qxe4 Rc4 27.Bf4 Qd8 28.Qd3 Bxa1 29.Rxa1 Qf6
30.Rd1 Rd8 31.Be3 Na4 32.Bd4 Qg5 33.h4 Qf5 34.Qxf5 gxf5 35.Bf6 Rd6 36.Be7 Rd7
37.d6 Nc3 38.Rd3 Ne4 39.Bh3 Nxd6 40.Bf6 Rcc7 41.Re3 Ne4 42.Be5 Rc1+ 43.Kg2 Rd2
44.Bxf5 Rxf2+ 45.Kh3 Rh1+ 46.Kg4 h5+  0-1

[Event "Caissa IM August II"]
[Site "Kecskemet HUN"]
[Date "2005.08.26"]
[Round "10"]
[White "Bjerring,K"]
[Black "Erdelyi,T"]
[Result "1/2-1/2"]
[WhiteElo "2309"]
[BlackElo "2278"]

1.c4 Nf6 2.Nf3 c5 3.Nc3 b6 4.g3 g6 5.Bg2 Bb7 6.O-O Bg7 7.d3 O-O 8.Rb1 Nc6
9.a3 d5 10.cxd5 Nxd5 11.Nxd5 Qxd5  1/2-1/2

[Event "VIII Bancpost & Ciuc-Premium A"]
[Site "Miercurea Ciuc ROM"]
[Date "2005.08.26"]
[Round "7"]
[White "Schatz,C"]
[Black "Balazs,At2"]
[Result "1-0"]
[WhiteElo "2183"]
[BlackElo "2029"]

1.Nf3 Nf6 2.c4 g6 3.Nc3 c5 4.d4 cxd4 5.Nxd4 Bg7 6.g3 O-O 7.Bg2 Nc6 8.O-O a6
9.Nc2 Qc7 10.Bf4 e5 11.Be3 Na5 12.b3 Rb8 13.Nb4 b6 14.Nbd5 Nxd5 15.Nxd5 Qd8
16.Qd2 Nc6 17.Bg5 f6 18.Be3 Ne7 19.Rfd1 Nf5 20.Rac1 Nxe3 21.Qxe3 Bb7 22.c5 bxc5
23.Qxc5 Bxd5 24.Qxd5+ Kh8 25.Qxd7 Rc8 26.Qxc8 Qxd1+ 27.Rxd1 Rxc8 28.Bb7 Rb8
29.Bxa6 Bf8 30.Bc4 Ba3 31.Rd7 Ra8 32.Rb7 Rd8 33.Ra7 Bb4 34.a4 Rd1+ 35.Kg2 Ra1
36.g4 f5 37.g5 Bf8 38.a5 h6 39.Ra8  1-0

[Event "13th Open"]
[Site "Nikaia GRE"]
[Date "2005.08.26"]
[Round "5"]
[White "Obodchuk,A"]
[Black "Alexakis,D"]
[Result "1-0"]
[WhiteElo "2438"]
[BlackElo "2230"]

1.Nf3 Nf6 2.c4 c5 3.Nc3 e6 4.g3 d5 5.cxd5 exd5 6.d4 Nc6 7.Bg2 Be7 8.O-O O-O
9.Bg5 Be6 10.dxc5 Qa5 11.Rc1 Rad8 12.Qa4 Qxc5 13.Nb5 Qb4 14.Qxb4 Bxb4 15.Nfd4 Nxd4
16.Nxd4 Rc8 17.Bxf6 gxf6 18.Rfd1 Bd6 19.e3 Be5 20.Kf1 Rfd8 21.Bf3 Bxd4 22.exd4 Rc6
23.Rc5 Rb6 24.Rd2 Rb4 25.a3 Rb6 26.Ra5 a6 27.Rc5 Rbd6 28.Rc7 b6 29.Rdc2 Bf5
30.R2c6 Bd3+ 31.Ke1 Be4 32.Bh5 Bg6 33.Bg4 Re8+ 34.Kf1 Rxc6 35.Rxc6 Re4 36.Bf3 Rxd4
37.Rxb6 Kg7 38.Ke1 Be4 39.Be2 a5 40.Rb5 a4 41.Rb4 Rxb4 42.axb4 d4 43.Bb5 f5
44.Bxa4 Kf6 45.Bb3 Ke7 46.Ke2 f4 47.gxf4 f6 48.f3  1-0

[Event "Nordic Championships w"]
[Site "Vammala FIN"]
[Date "2005.08.28"]
[Round "3"]
[White "Vovk,Ok"]
[Black "Ptacnikova,L"]
[Result "1/2-1/2"]
[WhiteElo "2125"]
[BlackElo "2204"]

1.Nf3 Nf6 2.c4 c5 3.Nc3 d5 4.cxd5 Nxd5 5.d4 e6 6.e3 Be7 7.Qb3 O-O 8.Be2 Nc6
9.Nxd5 Qxd5 10.Qxd5 exd5 11.dxc5 Bxc5 12.O-O Bf5 13.Rd1 Rfd8 14.Nd4 Nxd4
15.exd4 Bb6 16.Be3 Rac8 17.Rac1 Bc2 18.Rd2 Be4 19.Rdd1 Bc2 20.Rd2 Be4 21.Rdd1 Bc2
22.Bf1  1/2-1/2

[Event "4th Open"]
[Site "Lahijan IRI"]
[Date "2005.08.30"]
[Round "7"]
[White "Ibrahimov,R"]
[Black "Khaghani,M"]
[Result "1/2-1/2"]
[WhiteElo "2525"]
[BlackElo "2311"]

1.Nf3 c5 2.c4 Nf6 3.Nc3 e6 4.g3 b6 5.Bg2 Bb7 6.O-O Be7 7.d4 cxd4 8.Qxd4 a6
9.Be3 Bc5 10.Qd3 Bxe3 11.Qxe3 d6 12.Rfd1 O-O 13.Rd2 Qc7 14.Rad1 Rd8 15.Na4 Nbd7
16.Rxd6 Nd5 17.R6xd5 exd5 18.cxd5  1/2-1/2

[Event "Premiership International"]
[Site "Coulsdon ENG"]
[Date "2005.09.01"]
[Round "6"]
[White "Szuhanek,R"]
[Black "Cox,JJ"]
[Result "1/2-1/2"]
[WhiteElo "2444"]
[BlackElo "2385"]

1.Nf3 Nf6 2.c4 c5 3.Nc3 e6 4.g3 b6 5.Bg2 Bb7 6.O-O d6 7.Re1 Nbd7 8.e4 Rc8
9.b3 a6 10.Bb2 Be7 11.d4 cxd4 12.Nxd4 Qc7 13.Rc1 O-O 14.f4 g6 15.f5 e5  1/2-1/2

[Event "Premiership International"]
[Site "Coulsdon ENG"]
[Date "2005.09.02"]
[Round "9"]
[White "Snape,I"]
[Black "Cox,JJ"]
[Result "0-1"]
[WhiteElo "2267"]
[BlackElo "2385"]

1.c4 Nf6 2.Nf3 c5 3.Nc3 e6 4.g3 b6 5.Bg2 Bb7 6.O-O a6 7.Re1 d6 8.e4 Be7 9.d4 cxd4
10.Nxd4 Qc7 11.Be3 Nbd7 12.Rc1 Rc8 13.f4 Qb8 14.g4 Qa8 15.Bf2 g6 16.b3 O-O
17.g5 Nh5 18.Qg4 Ng7 19.Nd5 Bd8 20.Nc3 Bc7 21.Rcd1 b5 22.Re3 bxc4 23.bxc4 Bb6
24.Rh3 Rfe8 25.Nb3 Bxf2+ 26.Kxf2 Rxc4 27.Rxd6 Qc8 28.Qd1 Nf8 29.Qd2 a5 30.a4 Rb4
31.Qd1 Rxb3 32.Qxb3 Qc5+ 33.Ke1 Qxd6 34.Qxb7 Re7 35.Qb5 Rd7 36.Ne2 Nh5 37.Rf3 Qd2+
38.Kf2 Rd8 39.Qb6 e5 40.fxe5 Ne6 41.h4 Nhf4 42.Bf1 Nd3+ 43.Kg1 Nxe5 44.Rf2 Ng4
45.Rg2 Qe3+ 46.Qxe3 Nxe3 47.Rg3 Nxf1 48.Kxf1 Rd1+ 49.Kf2 Ra1 50.Nc3 Nc5 51.Rg1 Ra3
52.Rc1 Nd3+  0-1

[Event "BDO Challengers"]
[Site "Haarlem NED"]
[Date "2005.09.04"]
[Round "9"]
[White "Gijswijt,B"]
[Black "Merbis,M"]
[Result "0-1"]
[WhiteElo "2234"]
[BlackElo "2136"]

1.Nf3 Nf6 2.c4 e6 3.Nc3 c5 4.g3 b6 5.Bg2 Bb7 6.O-O Be7 7.d3 O-O 8.e4 d6 9.a3 Nc6
10.Rb1 Nd7 11.b4 Bf6 12.Ne2 Qc7 13.g4 g6 14.g5 Bg7 15.Bb2 Nde5 16.Nxe5 dxe5
17.bxc5 bxc5 18.Qa4 Rfd8 19.Rfd1 Rab8 20.Bc1 Ba8 21.Be3 Bf8 22.Rxb8 Rxb8
23.Nc3 Be7 24.Nb5 Qb6 25.Rb1 Qd8 26.Rd1 Qb6 27.h4 a6 28.Nc3 Na5 29.Qc2 Bc6
30.Rb1 Qc7 31.Bf3 Be8 32.Bd1 Nc6 33.Rxb8 Qxb8 34.Qb3 Qa7 35.Na4 Nd4 36.Qb6 Qxb6
37.Nxb6 Kf8 38.f4 Bd6 39.Nc8 Bc7 40.fxe5 Bxe5 41.Bxd4 Bxd4+ 42.Kg2 Bb2 43.a4 Bd7
44.Nb6 Bc6 45.Kf3 Ke7 46.Nc8+ Kf8 47.Kf4 f6 48.gxf6 Bxf6 49.h5 g5+ 50.Kg4 h6
51.Nb6 Bc3 52.e5 Bxe5 53.Bf3 Bxf3+ 54.Kxf3 Ke7 55.a5 Bc7 56.Na4 Kd6 57.Nc3 Bxa5
58.Ne4+ Kc6 59.d4 cxd4 60.Nf6 d3 61.Ng4 Bc3 62.Nxh6 a5 63.Ng4 a4 64.Nf2 a3
65.Ne4 a2  0-1

[Event "EYg18"]
[Site "Herceg Novi SCG"]
[Date "2005.09.15"]
[Round "2"]
[White "Topel,Z"]
[Black "Ivekovic,I"]
[Result "1-0"]
[WhiteElo "2081"]
[BlackElo "1923"]

1.c4 c5 2.Nc3 e6 3.Nf3 Nf6 4.g3 b6 5.Bg2 Bb7 6.O-O a6 7.b3 Be7 8.Bb2 O-O
9.Re1 Qc7 10.Rc1 d6 11.e3 Nc6 12.d4 Rad8 13.d5 Ne5 14.e4 Nxf3+ 15.Qxf3 exd5
16.exd5 Qd7 17.Ne4 Nxe4 18.Rxe4 Rfe8 19.Rce1 Bf8 20.R1e3 b5 21.Bh3 Rxe4 22.Bxd7 Rxe3
23.Qxe3 Rxd7 24.Qe8 Re7 25.Qb8 b4 26.Kf1 a5 27.Bc1 a4 28.Bf4 axb3 29.axb3 Rd7
30.Qe8 Rc7 31.Bxd6 Rc8 32.Qd7 Bxd6 33.Qxd6 g6 34.Qd7 Ba6 35.Qa7  1-0

[Event "4th Kesarovski - Georgiev Memorial"]
[Site "Sunny Beach BUL"]
[Date "2005.09.17"]
[Round "2"]
[White "Milchev,N"]
[Black "Kozhuharov,S"]
[Result "1/2-1/2"]
[WhiteElo "2182"]
[BlackElo "2391"]

1.Nf3 c5 2.c4 Nf6 3.Nc3 d5 4.cxd5 Nxd5 5.d4 g6 6.Qa4+ Nc6 7.Ne5 Nxc3 8.bxc3 cxd4
9.Nxc6 bxc6 10.cxd4 Bd7 11.e3 Bg7 12.Qa3 O-O 13.Bb2 Qb8 14.Rc1 e5 15.dxe5 Bxe5
16.Bxe5 Qxe5 17.Be2 Rfb8 18.O-O Qb2 19.Qxb2 Rxb2 20.Bc4 Kf8 21.Rfd1 Be8 22.Rc3 Ke7
23.Ra3 a5 24.f3 Rc2 25.Bd3 Rc5 26.Rb1 Ra7 27.Kf2 Bd7 28.e4 Be6 29.Ke3 Rd7
30.h3 g5 31.g4 Kf6 32.Rb8 Rc1 33.e5+ Kxe5 34.Rxa5+ Kf6 35.Ra3 h6 36.Rh8 c5
37.Rxh6+ Ke5 38.Rh5 Kf6 39.h4 gxh4 40.g5+ Ke7 41.Rxh4 c4 42.Be4 c3 43.Rh2 Re1+
44.Re2 Rxe2+ 45.Kxe2 Rd2+ 46.Ke3 Rxa2 47.Rxc3 Rg2 48.Rc5 f5 49.Bxf5 Rxg5
50.Kf4 Kf6 51.Bxe6 Rxc5 52.Bg4 Rc4+ 53.Kg3 Kg5 54.Be6  1/2-1/2

[Event "EYb18"]
[Site "Herceg Novi SCG"]
[Date "2005.09.18"]
[Round "5"]
[White "Bogosavljevic,B"]
[Black "Nepomniachtchi,I"]
[Result "1/2-1/2"]
[WhiteElo "2302"]
[BlackElo "2502"]

1.Nf3 Nf6 2.c4 c5 3.Nc3 d5 4.cxd5 Nxd5 5.d4 Nxc3 6.bxc3 g6 7.e4 Bg7 8.Be3 Qa5
9.Qd2 O-O 10.Rc1 Nd7 11.Bh6 Nf6 12.Bxg7 Kxg7 13.Bd3 Rd8 14.d5 c4 15.Bb1 e6
16.O-O exd5 17.e5 Ne4 18.Qf4 Qc7 19.Bxe4 dxe4 20.Ng5 Re8 21.Rfe1 Qe7 22.Nxe4 Qxe5
23.Qd2 Re6 24.Rcd1 Qc7 25.Nd6 Qe7 26.Qd4+ Kg8 27.Rxe6 Bxe6 28.Ne4 f5 29.Nf6+ Kf7
30.Nxh7 g5 31.h4 gxh4 32.f4 Rg8 33.Ng5+ Rxg5 34.fxg5 Qxg5 35.Qxa7 Kf6 36.Qd4+ Kf7
37.Rb1 h3 38.Rxb7+ Kg8 39.Rb8+ Kf7 40.Rb7+ Kg8 41.Qf2 h2+ 42.Kxh2 Qh6+ 43.Kg3 Qg5+
44.Kh3 Qh6+ 45.Qh4 f4+ 46.g4 fxg3 47.Kxg3 Qe3+ 48.Kh2 Qe2+ 49.Kg1 Qe3+ 50.Qf2 Qc1+
51.Qf1 Qe3+ 52.Kh2 Qe5+ 53.Kg1 Qg3+ 54.Qg2 Qxg2+ 55.Kxg2 Bd5+ 56.Kf2 Bxb7
57.Ke3 Kf7 58.Kd4 Ba6 59.Kc5 Ke7 60.a4 Kd8 61.Kb6 Bc8 62.a5 Bg4 63.a6 Kc8
64.a7 Bf3  1/2-1/2

[Event "4th Kesarovski - Georgiev Memorial"]
[Site "Sunny Beach BUL"]
[Date "2005.09.20"]
[Round "5"]
[White "Velikov,P"]
[Black "Nikolov,M"]
[Result "1/2-1/2"]
[WhiteElo "2422"]
[BlackElo "2400"]

1.Nf3 Nf6 2.c4 c5 3.Nc3 d5 4.cxd5 Nxd5 5.e3 Nc6 6.a3 e5 7.Qc2 Be6 8.Bb5 f6
9.Bxc6+ bxc6 10.d3 Nxc3 11.Qxc3 Rb8 12.Nd2 Qd7 13.Nc4 Be7 14.e4 O-O 15.Be3 Rb5
16.O-O Rfb8 17.Rfd1 Bf8 18.Rac1 Qf7 19.Rc2 Bxc4 20.dxc4 Rb3 21.Qd2 Qb7 22.h3 Rxb2
23.Rxb2 Qxb2 24.Qxb2 Rxb2 25.Rd8 Kf7 26.Rd7+ Ke6 27.Rxa7 Rc2 28.Ra4 f5 29.exf5+ Kxf5
30.Ra7 Ke6 31.Kf1 Rxc4 32.Ke2 e4 33.Kd2 h5 34.a4 Be7 35.a5 Bf6 36.a6 Kd5
37.Rd7+ Ke6 38.Rc7 Kd5 39.Rd7+ Ke6  1/2-1/2

[Event "Geller mem Open A"]
[Site "Odessa UKR"]
[Date "2005.09.22"]
[Round "8"]
[White "Pichugin,Al"]
[Black "Nester,I"]
[Result "1/2-1/2"]
[WhiteElo "2385"]
[BlackElo "2336"]

1.c4 c5 2.Nf3 Nf6 3.Nc3 e6 4.e4 Nc6 5.Be2 Be7 6.O-O O-O 7.d4 d5 8.exd5 exd5
9.dxc5 d4 10.Na4 Ne4 11.a3 a5 12.Nb6 Ra6 13.Nxc8 Qxc8 14.Nxd4 Nxd4 15.Qxd4 Nxc5
16.Bg4 f5 17.Bf3 Bf6 18.Qd5+ Kh8 19.Be3 Rc6 20.Rab1 Rd8 21.Qf7 Rc7 22.Qh5 a4
23.b4 axb3 24.Bxc5 g6 25.Qh6 Rxc5 26.Rxb3 Rxc4 27.Rxb7 Rc7 28.Rb3 Rc3 29.Rb7 Rc7
30.Rbb1 Rc4 31.h3 Rh4 32.Qe3 Rc4 33.Rb7 Rc7 34.Rfb1 Rxb7 35.Rxb7 Qc3 36.Qxc3 Bxc3
37.Rc7 Ba5 38.Ra7 Bb6 39.Ra6 Bc5 40.Ra5 Rc8 41.a4 Kg7 42.Rb5 Bd4 43.Rb7+  1/2-1/2

[Event "4th Kesarovski - Georgiev Memorial"]
[Site "Sunny Beach BUL"]
[Date "2005.09.22"]
[Round "7"]
[White "Collas,S"]
[Black "Rusev,K"]
[Result "1-0"]
[WhiteElo "2372"]
[BlackElo "2426"]

1.Nf3 c5 2.c4 Nf6 3.Nc3 e6 4.g3 b6 5.Bg2 Bb7 6.O-O Be7 7.Re1 d6 8.e4 a6 9.d4 cxd4
10.Nxd4 Qc7 11.Be3 O-O 12.Rc1 Re8 13.f4 Bf8 14.Bf2 Nbd7 15.Qe2 Rac8 16.e5 Bxg2
17.Kxg2 dxe5 18.fxe5 Nxe5 19.Qxe5 Qb7+ 20.Kg1 Rxc4 21.Qe2 Rec8 22.Rcd1 Bb4
23.Nc2 Bxc3 24.Qxc4 h5 25.Qb3 Bxe1 26.Nxe1 b5 27.Bd4 Ng4 28.Qf3 Qb8 29.h3 Nh6
30.Bf2 Nf5 31.Rd7 Rc1 32.Kg2 Qc8 33.Ra7 Qc6 34.Nd3 Rc2 35.Qxc6 Rxc6 36.Kf3 Rd6
37.Ke2 e5 38.Nc5 Rd5 39.Nxa6 e4 40.Nb4 Rd8 41.Rb7 g6 42.b3 Kg7 43.a4 Nd6
44.Rc7 bxa4 45.bxa4 Rb8 46.Bd4+ Kg8 47.Nd5  1-0

[Event "ProMoPro Open"]
[Site "Prague CZE"]
[Date "2005.09.23"]
[Round "9"]
[White "Vokoun,J"]
[Black "Cernousek,L"]
[Result "0-1"]
[WhiteElo "2326"]
[BlackElo "2375"]

1.Nf3 Nf6 2.c4 c5 3.Nc3 d5 4.cxd5 Nxd5 5.d3 Nc6 6.Bd2 e5 7.Rc1 Be7 8.Qb3 Be6
9.Qxb7 Na5 10.Qb5+ Bd7 11.Qxa5 Qxa5 12.Nxd5 Qd8 13.Nxe7 Qxe7 14.Bc3 f6 15.Nd2 O-O
16.e4 Bb5 17.Be2 Rad8 18.Nc4 f5 19.b3 Bxc4 20.bxc4 fxe4 21.dxe4 Qh4 22.O-O Qxe4
23.Rfe1 Qf4 24.Bf3 Rf5 25.Kh1 Rdf8 26.Bd5+ Kh8 27.Rc2 Qh6 28.f3 Qd6 29.Re4 Rf4
30.Re1 Rd4 31.Rce2 Rxd5 32.cxd5 Qxd5 33.Bxe5 h6 34.a3 Rf7 35.h3 Rb7 36.f4 Rb3
37.Re3 Rd3 38.Kh2 c4 39.Re4 c3 40.R4e2 Kh7 41.Rg1 h5 42.Rc2 Qe4 43.Rxc3 Rxc3
44.Bxc3 Qxf4+ 45.Kh1 g5 46.Re1 g4 47.Re7+ Kg6 48.hxg4 hxg4 49.Be5 Qc1+ 50.Kh2 Qh6+
51.Kg1 Qe3+ 52.Kh2 g3+ 53.Kh3 Qh6+  0-1

[Event "TCh-NED 2005-6"]
[Site "Netherlands NED"]
[Date "2005.09.24"]
[Round "1"]
[White "Chuchelov,V"]
[Black "Grooten,H"]
[Result "0-1"]
[WhiteElo "2562"]
[BlackElo "2376"]

1.Nf3 Nf6 2.c4 c5 3.Nc3 b6 4.e4 d6 5.d4 cxd4 6.Nxd4 Bb7 7.f3 e6 8.Be2 Nbd7
9.O-O Be7 10.Be3 O-O 11.a4 a6 12.a5 bxa5 13.Nb3 Rb8 14.Nxa5 Ba8 15.Qd2 Re8
16.Rfd1 Qc7 17.Kh1 Ne5 18.Rdc1 Red8 19.Bd4 Rd7 20.b4 Qd8 21.Rcb1 Ng6 22.Qe3 Nh5
23.Ba7 Bg5 24.Qf2 Rc8 25.Bb6 Qf6 26.Bd4 e5 27.Bb6 Ngf4 28.Bf1 Qh6 29.Rd1 d5
30.exd5 f5 31.Bc5 Ng3+ 32.Kg1 Rxc5 33.hxg3 Rxa5 34.Rxa5 Nh3+ 35.gxh3 Be3
36.c5 Qg5 37.Kg2 Bxf2 38.Kxf2 f4 39.Ne4 fxg3+ 40.Ke2 Qg6 41.c6 Bxc6 42.dxc6 Rxd1
43.Kxd1 Qxc6 44.Rxe5 Qa4+ 45.Ke2 Qc2+ 46.Nd2 Qg6 47.Bg2 Qb6 48.Re3 h5 49.f4 h4
50.Bd5+ Kh7 51.Be4+ Kh6 52.Bd3 g6 53.Nf3 Qf6 54.Re5 Qb6 55.Re3 Qxb4 56.Re6 Qb2+
57.Nd2 Kg7 58.Rxa6 Qd4 59.Rxg6+ Kf7 60.Be4 Qf2+ 61.Kd3 Qxf4 62.Rg4 Qf2 63.Bd5+ Ke7
64.Rg7+ Kd8 65.Rg8+ Kc7 66.Rg7+ Kb6 67.Rb7+ Ka6 68.Rf7 Qh2 69.Rf6+ Ka7 70.Rf7+ Kb8
71.Nf3 Qxh3 72.Rg7 Qf5+ 73.Kc4 Qc2+ 74.Kb5 Qb2+ 75.Kc5 Qxg7  0-1

[Event "2nd Highlands Open A"]
[Site "Havlickuv Brod CZE"]
[Date "2005.10.01"]
[Round "8"]
[White "Freisler,P"]
[Black "Talla,V"]
[Result "0-1"]
[WhiteElo "2308"]
[BlackElo "2401"]

1.Nf3 c5 2.c4 Nf6 3.Nc3 e6 4.g3 b6 5.Bg2 Bb7 6.O-O d6 7.d4 cxd4 8.Qxd4 a6
9.Be3 Nbd7 10.Ng5 Bxg2 11.Kxg2 Rc8 12.Nge4 Rc6 13.Bg5 Be7 14.Rad1 O-O 15.b3 Qb8
16.Nxf6+ Bxf6 17.Bxf6 Nxf6 18.Rd3 Rfc8 19.Rfd1 h6 20.e4 Nd7 21.Re3 Qc7 22.a4 Ne5
23.Na2 b5 24.Nb4 Rb6 25.cxb5 axb5 26.a5 Rb7 27.a6 Rb6 28.Re2 Nc6 29.Qxd6 Nxb4
30.Qxb4 Rxa6 31.Qxb5 Rb6 32.Qd3 Qc3 33.Re3 Qb2 34.Rb1 Qa3 35.h4 Qc5 36.e5 Rb4
37.Re4 Qc6 38.Rc1 Qxe4+ 39.Qxe4 Rxe4 40.Rxc8+ Kh7 41.f4 g5 42.hxg5 hxg5 43.Kf3 Rb4
44.Rc3 gxf4 45.gxf4 Kg6 46.Kg4 Kh6 47.Rd3 Kg6 48.Rh3 Rb8 49.Rc3 Rb4 50.Rf3 Re4
51.Rg3 Rb4 52.Kf3+ Kh6  0-1

[Event "NK Rapid"]
[Site "Vlaardingen NED"]
[Date "2005.10.01"]
[Round "1"]
[White "Chuchelov,V"]
[Black "Van Baarle,J"]
[Result "1-0"]
[WhiteElo "2534"]
[BlackElo "2273"]

1.Nf3 Nf6 2.c4 e6 3.Nc3 c5 4.g3 b6 5.Bg2 Bb7 6.O-O Be7 7.Re1 Ne4 8.Nxe4 Bxe4
9.d3 Bb7 10.e4 O-O 11.d4 cxd4 12.Nxd4 d6 13.a4 Nd7 14.Nb5 Qb8 15.b3 a6 16.Nd4 Qc7
17.Ra2 Rad8 18.h4 Qb8 19.Ba3 Rfe8 20.Rd2 Nc5 21.Bb4 Qa8 22.Qb1 h6 23.a5 bxa5
24.Bxa5 Rc8 25.b4 Nd7 26.Qb3 Ne5 27.Rc2 Nc6 28.Nxc6 Bxc6 29.Kh2 Rb8 30.Qd3 Qb7
31.f4 Rbc8 32.Qd4 Qd7 33.Rd2 Qb7 34.Red1 Bf6 35.e5 dxe5 36.fxe5 Be7 37.Bxc6 Qxc6
38.c5 Qb5 39.Qd3 Qb7 40.Qe2 Qb8 41.Rd7 Bf8 42.Qe4 Qb5 43.Rb7 Qa4 44.Rdd7 Qa2+
45.Kh3 Bxc5 46.Rxf7 Re7 47.Qg6  1-0

[Event "NK Rapid"]
[Site "Vlaardingen NED"]
[Date "2005.10.01"]
[Round "3"]
[White "Chuchelov,V"]
[Black "De Vreugt,D"]
[Result "1-0"]
[WhiteElo "2534"]
[BlackElo "2448"]

1.Nf3 c5 2.c4 Nf6 3.Nc3 b6 4.e4 d6 5.d4 cxd4 6.Nxd4 Bb7 7.f3 e6 8.Be2 Be7
9.Be3 O-O 10.O-O a6 11.Qd2 Qc7 12.Kh1 Re8 13.Rfd1 Nbd7 14.Rac1 Rac8 15.a3 Qb8
16.b4 Bf8 17.Nb3 Ba8 18.Rc2 Ne5 19.Qd4 Ned7 20.Rdc1 Rcd8 21.Qd2 Ne5 22.Bd4 d5
23.Bxe5 Qxe5 24.f4 Qb8 25.cxd5 exd5 26.e5 Ne4 27.Nxe4 dxe4 28.Qe3 Bd5 29.Nd4 a5
30.Nc6 axb4 31.axb4 Bxb4 32.Qxe4 Bc5 33.Bd3 g6 34.Bc4 Qb7 35.Bxd5 Qd7 36.Rd1 Re6
37.Bxe6 Qxe6 38.Rxd8+ Kg7 39.Qd5 Qf5 40.Qd7 h5 41.g3 b5  1-0

[Event "NK Rapid"]
[Site "Vlaardingen NED"]
[Date "2005.10.01"]
[Round "9"]
[White "Van Wely,L"]
[Black "Michiels,B"]
[Result "1-0"]
[WhiteElo "2648"]
[BlackElo "2442"]

1.c4 c5 2.Nf3 Nf6 3.Nc3 b6 4.e3 Bb7 5.d4 cxd4 6.exd4 e6 7.Bd3 d6 8.O-O Nbd7
9.Qe2 Be7 10.a3 O-O 11.b4 Qc7 12.Bb2 Rfe8 13.Rac1 Rac8 14.d5 e5 15.Nd2 Bf8
16.f3 g6 17.g3 Nh5 18.Rfe1 f5 19.Qf1 Bg7 20.f4 exf4 21.Nb5 Qb8 22.Bxg7 Kxg7
23.gxf4 a6 24.Nd4 b5 25.Ne6+ Kg8 26.Qf2 Ndf6 27.Qd4 bxc4 28.Bxc4 Qa8 29.Be2 Nxd5
30.Bc4 Re7 31.Bxd5 Rxc1 32.Rxc1 Bxd5 33.Nc7 Rxc7 34.Rxc7 Bh1 35.Qc4+ Qd5
36.Rd7 Nxf4 37.Qc8+  1-0